Accounting For Business Decisions (Record no. 46723)

MARC details
000 -LEADER
fixed length control field 00498nam a2200193Ia 4500
008 - FIXED-LENGTH DATA ELEMENTS--GENERAL INFORMATION
fixed length control field 220531s9999 xx 000 0 und d
041 ## - LANGUAGE CODE
Language code of text/sound track or separate title eng
082 ## - DEWEY DECIMAL CLASSIFICATION NUMBER
Classification number 657
Item number ACC / THA
100 ## - MAIN ENTRY--PERSONAL NAME
Personal name Thakur, K. S.
9 (RLIN) 84957
245 ## - TITLE STATEMENT
Title Accounting For Business Decisions
250 ## - EDITION STATEMENT
Edition statement 1ST
260 ## - PUBLICATION, DISTRIBUTION, ETC. (IMPRINT)
Place of publication, distribution, etc. Pune
Name of publisher, distributor, etc. Vishwakarma Pub.
Date of publication, distribution, etc. 2014
300 ## - PHYSICAL DESCRIPTION
Extent 426
542 ## - INFORMATION RELATING TO COPYRIGHT STATUS
Copyright holder 16-03-2017
551 ## -
-- Commerce
-- Non-grant--C
650 ## - SUBJECT ADDED ENTRY--TOPICAL TERM
Topical term or geographic name as entry element Accounting
9 (RLIN) 84958
906 ## - LOCAL DATA ELEMENT F, LDF (RLIN)
d 2016-2017
f 10565
Holdings
Withdrawn status Lost status Source of classification or shelving scheme Damaged status Not for loan Collection code Home library Current library Date acquired Vendor Cost, normal purchase price Total Checkouts Total Holds Full call number Barcode Date last seen Cost, replacement price Bill Date Koha item type Original Barcode
    Dewey Decimal Classification       Shri Siddhivinayak Mahila Mahavidyalaya Shri Siddhivinayak Mahila Mahavidyalaya 28/03/2017 Vaibhav 380.00   1 657/ACC/THA/B/21468 SSMM-BK-21468 06/08/2022 380.00 06/08/2022 Books 010021468